| 000 | 01016cpcaa2200289 4500 | ||
|---|---|---|---|
| 001 | mm 79000189 | ||
| 003 | DLC | ||
| 005 | 20260227111628.0 | ||
| 008 | 790117|||||||||||| eng | ||
| 010 | _amm 79000189 | ||
| 040 |
_aDLC _cDLC _edacs _dDLC |
||
| 072 | 7 |
_aN _2lcmd |
|
| 100 | 1 |
_aBibb, George M., _d1776-1859. |
|
| 245 | 0 | 0 |
_aGeorge M. Bibb papers, _f1844-1845. |
| 300 |
_a3 _fitems. |
||
| 506 | 0 | _aOpen to research. | |
| 545 | 0 | _aU.S. secretary of the treasury, U.S. senator from Kentucky, and jurist. | |
| 546 | _aCollection material in English. | ||
| 580 | _aForms part of: Miscellaneous Manuscripts collection. | ||
| 656 | 7 |
_aCabinet officers. _2itoamc |
|
| 656 | 7 |
_aJurists. _2itoamc |
|
| 656 | 7 |
_aSenators, U.S. Congress _zKentucky. _2itoamc |
|
| 999 |
_c40188 _d40188 |
||